00667naa a2200157 a 450000100080000000500110000800800410001910000220006024500770008226000090015952002470016865300220041565300120043765300120044977300480046111238552015-05-12 1998 bl uuuu u00u1 u #d1 aBALDISSERA, I. T. aChapec?? agora pode conhecer a ??gua que consome.h[electronic resource] c1998 aObjetiva difundir a implanta????o no Cepaf/Epagri/Chapec?? do laborat??rio de an??lises de ??gua que ir?? suprir a car??ncia de informa????es nesta ??rea e permitir?? o conhecimento da qualidade da ??gua superficial e subterr??nea na regi??o. acoliformes fecais anitrato anitrito tDi??rio da Manh??, Passo Fundo, p. 6, 1998.